| 000 | 01273nam a22001817a 4500 | ||
|---|---|---|---|
| 003 | IT-RoPau | ||
| 005 | 20220918175937.0 | ||
| 008 | 130112b xxu||||| |||| 00| 0 eng d | ||
| 040 | _cIT-RoPau | ||
| 100 |
_aAlberione Santiago [Giacomo] _qFondatore Famiglia Paolina _9158 |
||
| 245 |
_aAbundantes divitiae... Yo estoy con ustedes. _bHistoria carismática de la Familia Paulina |
||
| 250 | _aII | ||
| 260 |
_aAvenida Taxquena _bSSP _c1997 |
||
| 300 |
_a103 p. _c19,5 cm |
||
| 490 |
_aSan Pablo _vI |
||
| 520 | _aINDICE Presentacion "ABUNDANTES DIVITIAE GRATIAE SUAE" MOMENTOS DE MAYOR GRACIA LA MISION PARTICULAR DE UNA SIMPLE ORGANIZACION A LA VIDA RE- LIGIOSA COMUNITARIA LA FAMILIA PAULINA JUVENTUD PREDILECCION DIVINA LA CONDUCTA DE DIOS LA ROMANIDAD ESPIRITU SOCIAL EL ESPIRITU LITURGICO TRES IGLESIAS PRINCIPALES CATECISMO ESPIRITU PASTORAL SAL...LUZ...CIUDAD... ESPIRITU PAOLINO PRIMEIROS PREPARATIVOS EN ROMA EXPANSION EL DON Y LA RIQUEZA DE LOS COOPERADORES EL TRABAJO PROVIDENCIA EVANGELIO DESARROLLO DE LA PERSONALIDAD "NO TEMAN..." ASISTENCIA DIVINA PROFUNDIDAD ESPIRITUAL LAS DEVOCIONES COSAS POR REALIZAR ACCION DE GRACIAS CONCLUSION UN TEXTO DE 1924 Principales acontecimientos en la vida del P. Alberione Foto-reportaje histórico | ||
| 942 |
_2ddc _cBK |
||
| 999 |
_c37744 _d37744 |
||